| 000 | 01585cam a2200409 i 4500 | ||
|---|---|---|---|
| 001 | 14396879 | ||
| 003 | EG-ScBUE | ||
| 005 | 20241120124408.0 | ||
| 008 | 060601t2012 nyua f d 001 0 eng d | ||
| 020 | _a1259071596 | ||
| 020 | _a9781259071591 | ||
| 040 |
_aEG-ScBUE _beng _erda _dEG-ScBUE _dEG-ScBUE _cEG-ScBUE |
||
| 082 | 0 | 4 |
_222 _a519.5 _bLIN |
| 100 | 1 |
_93255 _aLind, Douglas A., _eauthor. |
|
| 245 | 1 | 0 |
_aStatistical techniques in business & economics / _cDouglas A. Lind, Coastal Carolina University and The University of Toledo, William G. Marchal, The University of Toledo, Samuel A. Wathen, Coastal Carolina University. |
| 246 | 3 | _aStatistical techniques in business and economics | |
| 250 | _aFifteenth edition. | ||
| 250 | _aMcGraw-Hill International edition. | ||
| 264 | 1 |
_aNew York : _bMcGraw Hill Companies, _c[2012] |
|
| 264 | 4 | _cc2012 | |
| 300 |
_axxix, 844 pages : _bcolor illustrations ; _c28 cm. |
||
| 336 |
_2rdacontent _atext _btxt |
||
| 337 |
_aunmediated _2rdamedia _bn |
||
| 338 |
_avolume _bnc _2rdacarrier |
||
| 490 | 0 | _aThe McGraw-Hill/Irwin series operations and decision sciences | |
| 500 | _aIncludes index. | ||
| 500 | _aIncludes glossary. | ||
| 650 | 7 |
_aSocial sciences _xStatistical methods. _93257 _2BUEsh |
|
| 650 | 7 |
_aEconomics _xStatistical methods. _93258 _2BUEsh |
|
| 650 | 7 |
_aCommercial statistics. _9802 _2BUEsh |
|
| 651 | _2BUEsh | ||
| 653 |
_bBUSECO _cAugust2015 _cDecember2017 |
||
| 655 | _vReading book | ||
| 700 | 1 |
_aMarchal, William G., _eauthor. _93260 |
|
| 700 | 1 |
_aWathen, Samuel Adam, _eauthor. _93261 |
|
| 942 |
_2ddc _cBB |
||
| 999 |
_c17554 _d17526 |
||